Practical Reference Work. (Record no. 3752)

MARC details
000 -LEADER
fixed length control field 00347nam a22001217a 4500
005 - DATE AND TIME OF LATEST TRANSACTION
control field 20201217111844.0
008 - FIXED-LENGTH DATA ELEMENTS--GENERAL INFORMATION
fixed length control field 201217b ||||| |||| 00| 0 eng d
020 ## - INTERNATIONAL STANDARD BOOK NUMBER
International Standard Book Number 0851572758
040 ## - CATALOGING SOURCE
Transcribing agency CML
245 ## - TITLE STATEMENT
Title Practical Reference Work.
Statement of responsibility, etc. Grogan D.
260 ## - PUBLICATION, DISTRIBUTION, ETC.
Place of publication, distribution, etc. London
Name of publisher, distributor, etc. Clive Bingley
Date of publication, distribution, etc. 1979
942 ## - ADDED ENTRY ELEMENTS (KOHA)
Source of classification or shelving scheme Dewey Decimal Classification
Koha item type Books
Edition 1st Edition
Classification part 025
Call number suffix GRO
Holdings
Withdrawn status Lost status Source of classification or shelving scheme Damaged status Not for loan Collection code Home library Current library Shelving location Date acquired Total Checkouts Full call number Barcode Date last seen Copy number Price effective from Koha item type
    Dewey Decimal Classification     Generalities Chalimbana Main Library Chalimbana Main Library Generalities 12/17/2020   025.52 GRO 551567 12/17/2020 1 12/17/2020 Books

Powered by Koha